Fundamentos de economía y organización industrial (Registro nro. 4314)
[ vista simple ]
| 000 -LEADER | |
|---|---|
| fixed length control field | 01734 a2200229 4500 |
| 001 - CONTROL NUMBER | |
| control field | 47193 |
| 005 - DATE AND TIME OF LATEST TRANSACTION | |
| control field | 20260407155740.0 |
| 008 - FIXED-LENGTH DATA ELEMENTS--GENERAL INFORMATION | |
| fixed length control field | 260407a1994 arg spa d |
| 003 - CONTROL NUMBER IDENTIFIER | |
| control field | AR-UNSa-BCEJYS |
| 040 ## - CATALOGING SOURCE | |
| Original cataloging agency | AR-UNSa-BCEJYS |
| Language of cataloging | spa |
| Transcribing agency | AR-UNSa-BCEJYS |
| 080 ## - UNIVERSAL DECIMAL CLASSIFICATION NUMBER | |
| Universal Decimal Classification number | 330.342.22 |
| Common auxiliary subdivision | Economía en desarrollo. Economía en industrialización<br/> |
| 020 ## - INTERNATIONAL STANDARD BOOK NUMBER | |
| International Standard Book Number | 84-481-0169-3 |
| 100 1# - MAIN ENTRY--PERSONAL NAME | |
| Personal name | Morcillo Ortega, Patricio |
| 245 10 - TITLE STATEMENT | |
| Title | Fundamentos de economía y organización industrial |
| 264 #1 - PRODUCTION, PUBLICATION, DISTRIBUTION, MANUFACTURE, AND COPYRIGHT NOTICE | |
| Place of production, publication, distribution, manufacture | Madrid : |
| Name of producer, publisher, distributor, manufacturer | McGraw-Hill |
| Date of production, publication, distribution, manufacture, or copyright notice | 1994 |
| 300 ## - PHYSICAL DESCRIPTION | |
| Extent | 397 p. |
| Dimensions | 24 cm. |
| 505 ## - FORMATTED CONTENTS NOTE | |
| Formatted contents note | Primera Parte : UN ENFOQUE ESTRATÉGICO DEL ENTORNO INDUSTRIAL : CONDICIONES AMBIENTALES : 1. Internacionalización e integración económica mundial - 2. Prospectiva y diagnóstico estratégico global - 3. El poder de las organizaciones - 4. El condicionante de la tecnología -- Segunda Parte : LAS CONFIGURACIONES ESTRUCTURALES : 5. Estructuras de mercado y tipos de competencia - 6. El medio específico de las empresas - 7. Las barreras a la libre competencia - 8. La concentración económica - 9. Las estructuraciones de los mercados globales - 10. Sector privado, versus sector público - 11. Efectos estructurantes de la política industrial -- Tercera Parte : DIMENSIONES ESTRÁTEGICAS DE LAS ORGANIZACIONES INDUSTRIALES : 12. Análisis de ventajas competitivas - 13. Estrategias industriales de mercado - 14. Las alianzas empresariales - 15. De las estrategias de alianza a las alianzas estratégicas - 16. La valoración estratégica de la tecnología. |
| 590 ## - LOCAL NOTE (RLIN) | |
| Local note | niveau_biblio:m niveau_hierar:0 |
| 700 1# - ADDED ENTRY--PERSONAL NAME | |
| Personal name | Bueno Campos, Eduardo |
| 856 41 - ELECTRONIC LOCATION AND ACCESS | |
| Uniform Resource Identifier | <a href="https://www.biblioeco.unsa.edu.ar/pmb/images/libros/L127426.jpg">https://www.biblioeco.unsa.edu.ar/pmb/images/libros/L127426.jpg</a> |
| Link text | Imagen de portada |
| Electronic format type | image/jpeg |
| 942 ## - ADDED ENTRY ELEMENTS (KOHA) | |
| Koha item type | |
| Withdrawn status | Lost status | Damaged status | Not for loan | Home library | Current library | Shelving location | Date acquired | Total checkouts | Full call number | Barcode | Date last seen | Price effective from | Koha item type |
|---|---|---|---|---|---|---|---|---|---|---|---|---|---|
| Biblioteca Prof. Eusebio Cleto del Rey | Biblioteca Prof. Eusebio Cleto del Rey | 07/04/2026 | 330.342.22 B928 | L127426 | 07/04/2026 | 07/04/2026 | Libro | ||||||
| Biblioteca Prof. Eusebio Cleto del Rey | Biblioteca Prof. Eusebio Cleto del Rey | 07/04/2026 | 330.342.22 B928 | L128186 | 07/04/2026 | 07/04/2026 | Libro |